00313nam a2200121Ia 4500008004100000041000800041082001500049100001800064245003400082260003300116300003100149365001100180240624s9999 xx 000 0 und d aeng a658.45 TAH aTAHER NASREEN aBUSINESS COMMUNITIES OF INDIA c2006aHyderabadbICFAI press avii, : 171 : p. : cm. ; 23 cRSb50